Guess the Mario Maker Troll Maker - Statistics

General Stats
  • This quiz has been taken 85 times
  • The average score is 27 of 65
Answer Stats
Hint Answer % Correct
Carl's trash can Shano19
95%
Goop 'n' Gorp (series) Abotun
75%
SEVEN STUPID PIECES Stevo19
75%
thwomp suc BearWare
73%
For my AusTROLLian Mates Defender
72%
Trollvengers (series) Sady
72%
Mario turns himself into a pickle WilfredTheBoss
65%
Ma'am This Is a Lemmy's 3good5you
63%
levle (series) Shadekitty
63%
Geek's Yeenis AetherPi
62%
toad reads defenders troll guide jneen
62%
TLoZ:Twoll-light Princess Chichiri12345
58%
Fun Surprises (series) Shieldser9
58%
Rhymes with FUN CarlSagan42
57%
jojalol's new troll level elarin
57%
The Red Room Katz
57%
Larl Does Everything Twice Twice Symplectic
55%
Rollin' & Trollin' (series) Dan the TANK
52%
The Spa-fish Inquisition Federico
52%
I'm 36 Steps Ahead of You KingBling
52%
TROLL:TO You Cruel Cp1'll Come... γυτσ
50%
Free Trolls! Only $2,99 Bear24
50%
Noice Cream Sandwich Xara
48%
Troll Wars (series) Burg93
43%
red coin't Canyyon
43%
Trolls are cute catears
43%
A Completely Normal Tro1-1 Level YimmyRawr
43%
I can't believe you've done this B0X
40%
boom boom's castle 3 Jojalol
40%
Casual Trolls Tutajkk
40%
What Are You Doing in my Thwomp? Foggles17
38%
Fishboned Potatochan
38%
Dr. Doo-little trolling B))) SkullCandY
38%
All That Glitters is Ol' dabdallah
37%
JebaitoChan's Pooptato Stew DankDrew
37%
JankDrew's Eediot Castle HackaKat
37%
Feesh is still funny, geek Kerzo
37%
Stevo collab Lunarscapes
37%
Welcome to France! sans123
35%
Generic Troll Level #9999 zoliking
35%
Lost in the woods Bartje321
32%
seven troly peices drac
32%
Final Form of Evil River
32%
do you believe in troll magic? frgted
30%
MYFIRST TRIL LEVRL #DGR GigantTRex
30%
damn these socks Lvega12
30%
DO NOT TOUCH THE RED BUTTON!!! Basilicon
28%
Koopa Sagan: All New on Disney Buckaroodle
28%
I'll Be Out Of My Mind Explosive
28%
Spaghetti GARBOnara Major314
28%
Just a dip in the lava 50_ft_lock
27%
Mechakappa 5th Knight
27%
Carl's Psychological Castle Jujustum
27%
Think Outside the Carl Box Bedcliff
23%
"Free Mush!" said Troll. Mick
23%
Geekville, Jankafornia TrollVoid
23%
Clouds of Doom LazyNine
22%
This Troll Is All #GEEK's Fault! DaftLife
20%
The Twicest of Twice Hyeve
18%
An Endless MariOcean of Jank! COS
15%
Quit Clownin' Around! Aqua Arrow
13%
Disappointment W/ A Side Of Fish Polar
13%
Better Late Than Never LUL MakerDavid
12%
Mario's Monstrous Midair Madness Suspicious Door
12%
LOOGUY tries to make a troll polyvalentacookie
10%
No matching quizzes found
Score Distribution
Percent of People with Each Score
Percentile by Number Answered
Your Score History
You have not taken this quiz